MLB Statistical Leaders 2021 - Statistics

General Stats
  • This quiz has been taken 53 times
  • The average score is 33 of 87
Answer Stats
Hint Stat Answer % Correct
Home Runs 39 Aaron Judge
69%
OPS .916 Aaron Judge
69%
Home Runs 46 Shohei Ohtani
69%
OPS .965 Shohei Ohtani
69%
Batting Average .328 Trea Turner
64%
Hits 195 Trea Turner
64%
Batting Average .309 Bryce Harper
61%
OPS 1.044 Bryce Harper
61%
Wins 15 Max Scherzer
61%
ERA 2.46 Max Scherzer
61%
Strikeouts 236 Max Scherzer
61%
Batting Average .311 Vladimir Guerrero Jr,
61%
Hits 188 Vladimir Guerrero Jr.
61%
Home Runs 48 Vladimir Guerrero Jr.
61%
RBI 111 Vladimir Guerrero Jr.
61%
OPS 1.002 Vladimir Guerrero Jr.
61%
Hits 180 Freddie Freeman
56%
Wins 16 Gerrit Cole
56%
Strikeouts 243 Gerrit Cole
56%
Home Runs 42 Fernando Tatis Jr.
50%
OPS .975 Fernando Tatis Jr.
50%
Batting Average .313 Juan Soto
50%
OPS .999 Juan Soto
50%
Hits 173 Marcus Semien
50%
Home Runs 45 Marcus Semien
50%
ERA 2.43 Corbin Burnes
47%
Strikeouts 234 Corbin Burnes
47%
Home Runs 38 Rafael Devers
47%
RBI 113 Rafael Devers
47%
ERA 2.84 Robbie Ray
47%
Strikeouts 248 Robbie Ray
47%
Home Runs 48 Salvador Perez
47%
RBI 121 Salvador Perez
47%
Hits 179 Austin Riley
44%
RBI 107 Austin Riley
44%
RBI 106 Manny Machado
44%
Wins 14 Max Fried
44%
ERA 3.04 Max Fried
44%
RBI 117 Jose Abreu
42%
Hits 177 Paul Goldschmidt
42%
Hits 191 Bo Bichette
39%
Wins 20 Julio Urias
39%
ERA 2.96 Julio Urias
39%
Home Runs 39 Matt Olson
39%
RBI 111 Matt Olson
39%
Batting Average .309 Tim Anderson
39%
Wins 14 Zack Wheeler
39%
ERA 2.78 Zack Wheeler
39%
Strikeouts 247 Zack Wheeler
39%
Batting Average .309 Nick Castellanos
36%
OPS .939 Nick Castellanos
36%
Batting Average .310 Starling Marte
36%
Batting Average .319 Yuli Gurriel
36%
Strikeouts 223 Aaron Nola
33%
OPS .917 Kyle Tucker
31%
RBI 106 Ozzie Albies
31%
Wins 16 Walker Buehler
31%
ERA 2.47 Walker Buehler
31%
Strikeouts 212 Walker Buehler
31%
ERA 2.56 Brandon Woodruff
28%
Wins 17 Adam Wainwright
25%
Strikeouts 226 Dylan Cease
25%
Wins 14 Kevin Gausman
25%
ERA 2.81 Kevin Gausman
25%
Strikeouts 227 Kevin Gausman
25%
Batting Average .305 Adam Frazier
22%
Hits 176 Adam Frazier
22%
Wins 14 Charlie Morton
22%
Strikeouts 216 Charlie Morton
22%
OPS .938 Joey Votto
22%
RBI 116 Teoscar Hernandez
22%
Home Runs 39 Brandon Lowe
19%
Hits 175 Cedric Mullins
17%
OPS .949** Jesse Winker
17%
ERA 3.02 Marcus Stroman
17%
Batting Average .311 Michael Brantley
14%
Hits 184 Whit Merrifield
14%
Home Runs 38 Adam Duvall
11%
RBI 113 Adam Duvall
11%
Wins 14 Hyun Jin Ryu
11%
Home Runs 38 Joey Gallo
11%
Wins 14 Kyle Hendricks
8%
Home Runs 39 Mitch Haniger
8%
RBI 106 Austin Meadows
6%
Wins 14 Chris Flexen
6%
Hits 173 Jonathan Schoop
3%
Wins 14 Steven Matz
3%
No matching quizzes found
Score Distribution
Percent of People with Each Score
Percentile by Number Answered
Your Score History
You have not taken this quiz